000 00378nam a22001457a 4500
005 20190606111148.0
008 190606b xxu||||| |||| 00| 0 eng d
020 _a978-93-87686-87-8
041 _aeng
100 _aJAGTAP, DR, VAIBHAV KUMAR A. AND OTHERS
_95052
245 _aA TEXTBOOK OF PHYSICAL PHARMACEUTICS - I
250 _a2nd Ed. 2019
260 _aB.1p.
942 _cBK
999 _c5954
_d5952